000 00464nam a2200157Ia 4500
008 231011s2022 xx 000 0 und d
020 _a9780260000000
041 _aeng
082 _a 005.13/COR/LEI/RIV/STE
100 _aCormen, Thomas H.; Cormen, Thomas H.; Leiserson, Charles Eric; Rivest, Ronald L.
245 _aIntroduction to algorithms
250 _a4 th Ed.
260 _aCamridge London Enland
_bMIR Press
_c2022
300 _a1291
365 _b11624
999 _c881817
_d881817